[Event "Amber-blindfold 07th"]
[Site "Monte Carlo MNC"]
[Date "1998.03.15"]
[Round "3"]
[White "Nikolic, Predrag"]
[Black "Kramnik, Vladimir"]
[Result "0-1"]
[WhiteElo "2635"]
[BlackElo "2790"]
[EventDate "1998.03.13"]
[PlyCount "70"]
[EventType "tourn (rapid)"]
[EventRounds "11"]
[EventCountry "MNC"]
[EventCategory "18"]
[Source "ChessBase"]
[SourceDate "1998.04.29"]
[WhiteTeamCountry "RUS"]
[BlackTeamCountry "ISR"]

1. d4 Nf6 2. c4 e6 3. Nf3 d5 4. Nc3 c6 5. cxd5 exd5 6. Bg5 Be7 7. e3 Bf5 
8. Bd3 Bxd3 9. Qxd3 Nbd7 10. O-O O-O 11. Rab1 a5 12. a3 Ne4 13. Bxe7 Qxe7 
14. b4 D {White is preparing the familiar minority attack, with b4-b5 
followed by bxc6
to weaken Black's pawns.
Black stopped that plan in the most direct way, with I ... b5. He 
explained
this is a "very typical move" in this kind of position.
But he added that it's only good if Black can maneuver a knight to c4. 
That's
the priyome. In this case it's a very short range plan that lasts only 
until Black
plays ... .Nc4.
If he can't plug the c-file that way, Black will be clearly worse. He will
find
the backward c6-pawn coming under heavy fire from rooks on the c-file, and
the
conclusion to draw is that I . . . b5? was a positional blunder.
But in this case, Black can get his knight to c4 and} 14. ... b5! {was the
most
important move in the game. Play went} 15. Qc2 axb4 16. axb4 Nd6 17. Rb3 
Nb6 18. Ne5 Rfc8 19. Nd3 Nbc4 {and he was better. He went on to win a fine
game} 20. Nc5 Re8 21. h3 g6 22. Rc1 Ra7 23. Qd1 h5 24. Kh1 Qg5 25. Rbb1 
Rae7 26. Ra1 Nf5 27. Ra2 Ncxe3 28. fxe3 Rxe3 29. Rf2 Qh4 30. Qd2 Nxd4 31. 
Rcf1 Nf5 32. Rxf5 gxf5 33. Nd1 Re1 34. Kg1 R8e2 35. Qc3 Rxd1 0-1

[Event "Alekhine Memorial"]
[Site "Moscow RUS"]
[Date "1971.11.28"]
[Round "4"]
[White "Spassky, Boris V"]
[Black "Balashov, Yuri S"]
[Result "1/2-1/2"]
[WhiteElo "2690"]
[BlackElo "2570"]
[EventDate "1971.11.24"]
[PlyCount "71"]
[EventType "tourn"]
[EventRounds "17"]
[EventCountry "URS"]
[EventCategory "14"]
[Source "ChessBase"]
[SourceDate "1999.07.01"]
[WhiteTeamCountry "GER"]
[BlackTeamCountry "ROM"]

1. d4 Nf6 2. c4 c5 3. d5 d6 4. Nc3 g6 5. e4 Bg7 6. Nf3 O-O 7. Be2 e6 8. 
O-O exd5 9. cxd5 Bg4 10. Bg5 a6 11. Nd2 Bxe2 12. Qxe2 Re8 13. a4 Nbd7 14. 
f4 Qc7 15. Rae1 h6 16. Bxf6 Bxf6 D {In fact, there is a counter-priyome, 
and it was illustrated by another Spassky
game, played about the same time as the one above. White has just 
exchanged a bishop for a knight on f6, as he did in the
previous example. Yes, there are differences between the two games. But 
the
similarities are more important. They included White's ability to control 
e4 with
his knights, Black's weakness at g6 and the potential outpost at f5 .
That explains} 17. e5 dxe5 18. f5 D {White is ready to carry out the same 
pressure
plan as before, by means of Nde4 with its a threat of fxg6/ Nxf6+.
As in the previous example, he is trying to force Black to trade pawns on 
f5
so that he can retake .Rxf5 and dominate the f-file.
Once again, 2 . . . g5, invites Nde4, this time with d5-d6 and Nd5 to 
come,
an idea that was possible but impractical in the previous example.

The strength of the priyome is illustrated by a sample variation that 
begins
2 . . . Bg7 3 Nde4 Kh7 (not 3 . . . Nf6 4 Nxf6+ Bxf6 5 fxg6, threatening 
Rxf6).
White would be getting close to a win after 4 Qg4 in view of 4 . . . Rf8 5
f6
Bh8 6 Qh4 and Ng5+. Or 4 . . . Qd8 5 fxg6+ fxg6 6 Rf7.
But there was a counter-priyome that Black knew about and he replied} 
18. ... e4! {This enabled him to occupy e5, which Black never managed to 
do in
the previous example. Once again it's a case of what matters most. Black
appreciates that the loss of his extra pawn doesn 't mean as much as 
having room
for his pieces to work.
There followed} 19. fxg6 fxg6 20. Ndxe4 Kg7! D {and Black has protected 
key
squares at g6 and f6.

White still has good play but Black had plenty of resources when the game
continued} 21. Kh1 Re5! 22. Qd2 Rae8 {A draw was the fair result
following } 23. g3 Rf5 24. Rxf5 gxf5 25. Nxf6 Rxe1+ 26. Qxe1 Nxf6 27. Qe6 
f4 28. Ne4 Nxe4 29. Qxe4 fxg3 30. Qg4+ Kf6 31. Qe6+ Kg7 32. d6 Qf7 33. 
Qg4+ Kf8 34. Qc8+ Kg7 35. Qg4+ Kf8 36. Qc8+ 1/2-1/2

[Event "EU Ch 4th"]
[Site "Istanbul TUR"]
[Date "2003.06.10"]
[Round "10"]
[White "Rublevsky, Sergei"]
[Black "Goloshchapov, Alexander"]
[Result "1-0"]
[WhiteElo "2670"]
[BlackElo "2558"]
[EventDate "2003.05.30"]
[Annotator "Rogozenco"]
[PlyCount "59"]
[EventType "swiss"]
[EventRounds "13"]
[EventCountry "TUR"]
[Source "ChessBase"]
[SourceDate "2003.09.25"]
[WhiteTeamCountry "FRA"]
[BlackTeamCountry "RUS"]

{Mastering Priyomes

It's harder to acquire a good appreciation of priyomes than it is to 
master
pawn structures. For one thing, there are many more priyomes than 
structures.
Often a single structure can have two or three priyomes, as in the last 
example.
This applies to attack as much as it does to positional play.} 
1. e4 c5 2. Nf3 e6 3. c3 Nf6 4. e5 Nd5 5. Bc4 d6 6. d4 cxd4 7. cxd4 Nb6 8.
 Bb3 ( 8. Bd3 Nc6 9. O-O {is another possibility for White.} ( {or} 9. 
exd6!? ) ) 8. ... dxe5 ( 8. ... Nc6 9. exd6 ( 9. O-O {allows Black an 
endgame after} 9. ... dxe5 ( 9. ... Be7!? ) 10. dxe5 Qxd1 {in which 
White's plus is insignificant.} ) ( 9. Qe2 dxe5 10. dxe5 Nb4 11. O-O Qd3 
=, quiet ) 9. ... Bxd6 ( 9. ... Qxd6!? ) 10. O-O ~ {is similar to the 
game.} ) 9. Nxe5 Nc6 10. Nf3 {In such IQP positions, it is well-known that
each trade of pieces makes Black's task easier. On the other hand taking 
on c6 has two advantages: it breaks Black's pawn structure and it wins a 
tempo to continue development.} ( 10. Nxc6 bxc6 11. O-O Be7 12. Nc3 O-O ~ 
) 10. ... Nd5 {This looks like a loss of time, but in fact the knight on 
b6 was far from kingside and bringing it back to d5 is only logical.} ( 
10. ... Bd6 {transposes to the variation 8...Nc6, see above.} ) 11. O-O 
Be7 12. Nc3 Nxc3 {I'd prefer to keep the knight on d5 rather than 
improving White's structure. Of course, in the game Black goes for the 
typical plan with b6, Bb7 and Na5, but meanwhile White can create very 
quick a strong attack.} ( {Better for Black is:} 12. ... O-O 13. Re1 b6 
14. Bc2 Bb7 15. Qd3 g6 16. a3 Rc8 17. Bh6 Re8 18. Rad1 Bf8 ( 18. ... Nf6 {
Very amazing - after this move we get a D42 position (arising usually from
Panov attack, Caro-Kann Defence), which is double-edged, maybe with slight
initiative for White. But of course 18...Nf6 is not necessary, which means
Black is more flexible here.} ) 19. Bxf8 Rxf8 20. Nxd5 exd5 21. b4 Qf6 22.
 Bb3 Ne7 23. Ne5 Rc7 24. Ba4 Bc8 25. Rc1 Bf5 26. Qg3 Rxc1 27. Rxc1 Rc8 28.
 Rxc8+ Bxc8 29. Qc3 Qd6 30. Nc6 {1/2-1/2 
Nepomniashchy,Y-Andreikin,D/Halkidiki 2001} ) 13. bxc3 O-O 14. Re1 b6 D {
The hanging c- and d-pawns and the related d4-isolani are two of the most 
common pawn structures. Both offer White reason to be aggressive. One of 
his priyomes is the explosive d4-d5. When White is better developed,
this can give him a quick advantage. But here the tactics don't justifY I 
d5? exd5 2 Bxd5 Bb7. Black is at least equal .
Another priyome is the unlikely} 15. h4! {The most direct approach - White
secures square g5 for the knight or bishop.

White's idea is to support Ng5, which
will be followed by 'it'h5, to threat mate on h7. As strange as it may 
seem, it is quite common in positions with the same or similar pawn 
structures. 

To play 1 h4 White has to realize it is a gambit, I . . . Bxh4 2 Nxh4 Qxh4
-
and that it's a promising gambit after 3 Re3, with the idea of Rh3/Bc2 or 
Rg3/Bg5 .
Should Black accept the pawn? That depends on his alternatives. If he 
stops
2 Ng5 with 1 . . . h6, White will play 2 Qd3 and 3 Bc2, forcing another 
weakening to avert mate on h7.
In the game Black chose} 15. ... Bb7 ( 15. ... Bxh4 16. Nxh4 Qxh4 17. Re3 
=/& ) 16. Ng5 {and saw that 16 ... h6 allows a strong 17 Nxe6 fxe6 18 
Rxe6. So he played} 16. ... Na5 D {instead and then came} 17. Bc2 D {The 
power of 15 h4 ! is now evident. If Black meets the Bxh7+ threat with 17 .
. . g6, White can prepare h4-h5xh6 or go straight into a standard 
sacrifice -
another priyome - 18 Nxh7 Kxh7 19 Qh5+ Kg8 20 Bxg6.
Black chose} 17. ... Bxg5 {instead. But his kingside dark squares were a 
chronic
weakness after hxg5

Other continuations wouldn't have solved problems either, but still 
17...Bxg5 is a big concession, after which White is much better. In this 
case even 15...Bxh4 was to be preferred.} ( 17. ... g6 18. Qg4!? â†‘ ( 18.
 Nxh7 {leads only to a draw:} 18. ... Kxh7 19. Qh5+ Kg8 20. Bxg6 fxg6 21. 
Qxg6+ Kh8 22. Re5 Rf5 23. Qh6+ Kg8 24. Qxe6+ Rf7 25. Qg6+ Rg7 26. Qe6+ Rf7
) 18. ... Qc7 19. Bd2 Nc4 20. Bf4 â†‘ Bd6 21. Bxd6 Nxd6 22. h5 Qxc3 23. 
Bxg6 hxg6 24. hxg6 â†’ ) ( 17. ... h6? 18. Qd3 +- ) 18. hxg5 +/- Bd5 {
Already difficult to give Black a good advice.} ( 18. ... Nc4? 19. Qd3 +- 
) 19. Qd3 ( 19. Qh5 g6 20. Qh6 Nc4 ) ( {Attractive is} 19. Bxh7+ Kxh7 20. 
Qh5+ Kg8 21. Re3 {but Black saves himself with} 21. ... Bxg2! 22. Rg3! ( 
22. Kxg2 Qd5+ 23. Kg1 f6 24. Rh3 Qf5 ~ ) 22. ... Qd5! ( 22. ... Be4 23. 
Rh3 f6 24. g6 Bxg6 25. Qxg6 Qd5 ( 25. ... Nc4 26. Rh7 +- Rf7 27. Qh5 ) 26.
 Ba3 +/- ( 26. Qh7+!? Kf7 27. Rg3 Rg8 28. Bh6 ) ) 23. Rxg2 Qf5 {and 
although White might be better, the position is far from clear, since 
there is no direct and convincing attack, while white kingside is weak as 
well.} ) 19. ... g6 20. Qg3 {Amateurs can play some positions well because
they learned, often
unconsciously, the appropriate priyomes. Masters can play many positions 
well
because they know more of them.
"I think my advantage as a practical player," said Hikaru Nakamura in a
2011 interview, lies in that "I play a great many positions. Even the best
(opening) preparation at some moment comes to an end and then you need to
fight."} 20. ... Nc4 21. Bf4 Rc8 22. Rad1 b5 ( 22. ... Na3 23. Bb3 +/- ) 
23. Qh4 f5 ( 23. ... Na3 24. Bd3 Rxc3 25. Be5 h5 26. g4 Bf3 27. gxh5 gxh5 
( 27. ... Bxh5 28. Be2 +- ( 28. d5 +- ) ) 28. Be4 Bxd1 29. Rxd1 +- ) 24. 
gxf6 Qxf6 25. Bg5 Qf7 26. Rd3 Rc7 27. Rh3 Nd6 28. Bh6 +- Rfc8 ( 28. ... 
Re8 29. Bxg6 hxg6 30. Bf4 +- ) 29. Bf4 ( {Also possible was} 29. Bxg6 hxg6
( 29. ... Qxg6 30. Rg3 +- ) 30. Bf4 Qh7 31. Qg4! +- ) 29. ... Nf5 ( 
29. ... Rd7 30. Bxg6 Qxg6 31. Rg3 +- ) 30. Bxf5 1-0

[Event "Wch U20"]
[Site "Athens GRE"]
[Date "2001.08.29"]
[Round "13"]
[White "Bu, Xiangzhi"]
[Black "Acs, Peter"]
[Result "0-1"]
[WhiteElo "2553"]
[BlackElo "2514"]
[EventDate "2001.08.16"]
[PlyCount "72"]
[EventType "swiss"]
[EventRounds "13"]
[EventCountry "GRE"]
[Source "ChessBase"]
[SourceDate "2001.11.25"]
[BlackTeam "III"]
[WhiteTeamCountry "GER"]
[BlackTeamCountry "GER"]

1. d4 Nf6 2. c4 e6 3. Nc3 Bb4 4. e3 O-O 5. Ne2 d5 6. a3 Be7 7. cxd5 Nxd5 
8. Nxd5 exd5 9. Nc3 c6 10. Be2 Bf5 11. O-O Bg6 12. b4 Nd7 13. b5 Nb6 14. 
Qb3 Qd6 15. Bb2 Qe6 16. Na4 Nxa4 17. Qxa4 D {Where does Black's 
counterplay lie and how should he get it moving?

-----------------

The pawn structure indicates it's on the kingside. That suggests} 17. ... 
f5! {is right. It makes his light square bishop bad but what matters more 
is . . . f4.
Since 2 g3 f4 ! 3 gxf4 Be4 walks into trouble, play went} 18. bxc6 bxc6 
19. Rac1 Be8 20. Qa6 Bd7 {and when White failed to play 5 g3 he quickly 
went downhill:} 21. Bc3? f4! 22. exf4 Rxf4 23. Rce1 Bd6 24. Bb5 Qf7 25. 
Ba4 ( 25. Bxc6 Rf6 26. Bxa8 Bxh2+ -+ ) 25. ... Rf8 26. Re2 Rh4! 27. f3 
Bxh2+ 28. Kf2 Qf4 29. Re3 Bg3+ 30. Ke2 Rh2 31. Rg1 Bg4 32. fxg4 Qf2+ 33. 
Kd3 Qxg1 34. Qxc6 Qb1+ 35. Bc2 Qf1+ 36. Re2 Rf3+ 0-1

[Event "Sigeman & Co 09th"]
[Site "Malmo SWE"]
[Date "2001.06.19"]
[Round "8"]
[White "Timman, Jan H"]
[Black "Berg, Emanuel"]
[Result "1-0"]
[WhiteElo "2620"]
[BlackElo "2474"]
[EventDate "2001.06.12"]
[Annotator "Psakhis"]
[EventType "tourn"]
[EventRounds "9"]
[EventCountry "SWE"]
[EventCategory "13"]
[Source "ChessBase"]
[SourceDate "2001.09.13"]
[BlackTeam "II"]
[WhiteTeamCountry "GER"]
[BlackTeamCountry "GER"]

1. e4 e6 2. d4 d5 3. e5 c5 4. c3 Nc6 5. Nf3 Bd7 6. Be2 f6 {Quite risky 
move.I would prefer} ( 6. ... Qb6!? {or} ) ( 6. ... Nge7!? ) 7. O-O cxd4 {
Rare move} ( {More common continuation is} 7. ... fxe5 {but after, for 
example} 8. Nxe5! Nxe5 9. dxe5 Bc6 10. c4! Ne7 11. Bg5 Qd7 12. Bh5+ g6 13.
 Bf6 Rg8 14. Bf3 dxc4 15. Bxc6 Nxc6 16. Na3 â†‘ {1/2-1/2 
Keitlinghaus,L-Reefschlaeger,H/Bad Woerishofen op 1997 (43) White's 
chances are better.} ) 8. cxd4 fxe5 9. dxe5 ( {Worth considering and} 9. 
Nxe5!? Nxe5 10. dxe5 Bc5 11. Nd2 Ne7 12. Bd3 Qb6 13. Qh5+ g6 14. Qh3 â†‘ {
1-0 Dvoirys,S-Nygren,D/Skelleftea Solett op 2001/ (26) with initiative.} )
9. ... Bc5 10. Nc3 a6 D {Is the pawn structure good for White and what 
should he do about it?

---------

It's a very good structure but it can be exploited only by a priyome that 
targets the light square weaknesses in Black's camp, h7, f7 and e6. 
In previous games, White relied on normal development, such as 1 Bg5 Nge7 
2 Rc1 , and got no advantage.
Instead, he has to rearrange his minor pieces, Bd3 and Ne2-f4, so they 
prepare Qc2 and/or Ng5, with an attack on h7 and e6.
This time White had a clear advantage following} 11. Bd3! N {Beggining of 
interesting and dangerous for Black plan} ( {Also possible} 11. Bg5 Nge7 
12. Rc1 Ba7 13. Bd3 O-O 14. Na4 Qe8 15. Nc5 Bxc5 16. Rxc5 Rc8 17. Rc3 Qh5 
18. Bxe7 Nxe7 19. Rxc8 Bxc8 20. Qe2 += {Peng Xiaomin-Mariano,N/Singapore 
Pools 1997/1-0 (66)} ) 11. ... Nge7 12. Ne2! Rc8 ( {Deserves attention} 
12. ... Qc7!? {attacking e pawn.} ) 13. Nf4 Qb6 14. a3 a5 15. Rb1 g6 {Sad 
necessity! Too dangerous for Black} ( 15. ... O-O 16. b4! ( {In the case 
of} 16. Bxh7+ Kxh7 17. Ng5+ Kg8 18. Qh5 {Black still can organize 
successful resistance after} 18. ... Rxf4! ( 18. ... Rf5 19. Qh7+ Kf8 20. 
Qh8+ Ng8 21. Ng6+ +- ) 19. Bxf4 Nd8 20. b4 axb4 21. axb4 Bd4 22. Qh7+ Kf8 
23. Qh8+ Ng8 24. Be3 Ba4! ) 16. ... axb4 17. axb4 Nxb4 ( 17. ... Bxb4 18. 
Ng5 ) 18. Bxh7+! Kxh7 19. Ng5+ Kg8 20. Qh5 Rxf4 â–¡ 21. Bxf4 Be8 22. Qh7+ 
Kf8 23. Qh8+ Ng8 24. Nh7+ Kf7 25. Rb3 â†’ {and rook join hunt for black 
monarch} ) 16. b4! axb4 17. axb4 Nxb4 ( 17. ... Bxb4 18. Ng5 ) 18. Bd2 O-O
19. Ng5 {Black's pieces are far away from the kingside, so it's logical 
for White to attack exactly there!} 19. ... Qc6 {What else?} ( 19. ... h6 
20. Nxg6 Nxg6 21. Bxg6 Rxf2 ( 21. ... Bb5 22. Qh5 +- ) 22. Rxf2 Bxf2+ 23. 
Kh1 +- {lose immediately} ) 20. Rxb4! Bxb4 21. Bxb4 Rxf4 22. Bxe7 {White's
material and positional advantage promise quick and easy victory} 22. ... 
Qc3 23. g3 Ba4 24. Qe2 Bc2 25. Bxc2 Rd4 1-0

[Event "Moscow"]
[Site "Moscow RUS"]
[Date "1925.??.??"]
[Round "?"]
[White "Yates, Frederic D"]
[Black "Capablanca, Jose"]
[Result "0-1"]
[WhiteElo "2498"]
[BlackElo "2744"]
[EventDate "1925.11.10"]

1. e4 Nf6 2. e5 Nd5 3. Nc3 Nxc3 4. dxc3 d5 5. Nf3 c5 6. Bf4 Nc6 7. Qd2 Bg4
8. O-O-O ( 8. Be2 ) 8. ... e6 9. h3?! Bxf3 10. gxf3 Qc7 ( 10. ... c4 ) 11.
 Bg3 D {Podstatna vada pozice bileho jsou pesci f2, f3. Tahem g6 cerny 
pesce zablokuje. Utoku pescu na kral. kridle se cerny nemusi bat. 

Who wants to change the pawn structure? What should Black do?

--------------

White wants to change it with c3-c4, since . . . dxc4/ Bxc4 would give him
play for his bishops and . . . d4 offers him chances after f3-f4 and  Bg2.
Black played} 11. ... c4! {blokuje strelce f1. 

which not only makes his bishop a bit better but
sharply limits White's pieces. After} 12. f4 g6! {he had stopped the 
liberating idea
of 3 f5 exf5 4 e6 and assured himself the superior game.} 13. Kb1 h5 14. 
Bh4 Be7! {Pri takovem rozestaveni pescu je vymena nevyhodna, ale Capa ji 
vyvolava: Po zmizeni figur se projevi bezmocnost strelce f1. } 15. Bg5? 
Bxg5 16. fxg5 Nxe5 17. Qe3 O-O 18. Be2 Nc6 19. f4 Ne7 {Jezdce je evidentne
silnejsi jak strelec} 20. Rhg1 Nf5 21. Qf2 Rfe8 22. Rge1 b5 23. Bf1 a5 24.
 Re5 b4 25. Qe1 Reb8 26. Ka1 Rb6 27. Qd2 Rab8 28. Rb1 Nd6 29. Bg2 Nb5 30. 
cxb4 c3 31. bxc3 Nxc3 32. Rb3 axb4 33. a3 Ra6 34. Re3 Rba8 ( 34. ... Qa7 
35. Qc1 Rxa3+ 36. Rxa3 bxa3 37. Rd3 Qc5 38. Bf3 a2 ) 35. Rexc3 bxc3 36. 
Qc1 Qc5 37. Ka2 Qc4 38. Ka1 Qxb3 0-1